000 00282nam a2200109Ia 4500
008 230907s9999||||xx |||||||||||||| ||und||
082 _a620.115
_bNAN
245 0 _aNanomaterials handbook /
300 _axviii, 679 pages ;
650 _aHandbooks, manuals, etc.
_911475
942 _cBK
999 _c598601
_d598601